Statistics for Bordering Capital Cities with Same First Letters

Click here to take the quiz!

General Stats

  • This quiz has been taken 26 times
    (9 since last reset)
  • The average score is 36 of 50

Answer Stats

LetterAnswer% Correct
BGermany
100%
BBelgium
100%
BSerbia
100%
BRomania
100%
BSwitzerland
100%
KDemocratic Republic of the Congo
88%
BSlovakia
88%
NNiger
88%
BChina
88%
BColombia
88%
BBrazil
88%
BArgentina
88%
MRussia
75%
SBulgaria
75%
NChad
75%
TTunisia
75%
VAustria
75%
AEritrea
75%
LZambia
75%
LAngola
75%
KUganda
75%
ATurkey
75%
BHungary
75%
KRwanda
75%
MBelarus
63%
AGreece
63%
NIndia
63%
LMalawi
63%
AEthiopia
63%
TLibya
63%
SChile
63%
MeSwatini
50%
BKyrgyzstan
50%
VLiechtenstein
50%
MMozambique
50%
L | SBolivia
50%
PKosovo
38%
LPeru
38%
PMontenegro
38%
SNorth Macedonia
25%
NBurma
25%

Score Distribution

Percentile by Number Answered

Percent of People with Each Score

Your Score History

You have not taken this quiz since the last reset